000
00326nam a2200121 a 4500
005
20141022142003.0
008
080909s19uu xx 00 eng d
050
_a
VCD
_b
AJN1 2003
245
_a
AJN: Examination of the eyes and visual system.
650
_a
VCD Nursing.
650
_a
eyes and the visual system
942
_c
AVM
999
_c
276401
_d
276401